000 00702nam a2200205 4500
001 127236
003 ES-MaACL
007 t|
008 070214s1954 fr r ||||1| fre d
100 1 _aReynaud, Pierre Louis.
_996620
245 1 3 _aLa psychologie économique /
_cpar Pierre Louis Reynaud ; observations de George Katona, Albert Lauterbach.
260 _aParis :
_bMarcel Rivière,
_c1954.
300 _a260 p. ;
_c22 cm.
490 1 _aBilans de la connaissance economique ;
_v4
700 1 _aKatona, George.
_967623
700 1 _aLauterbach, Albert.
_970662
830 0 _aBilans de la connaissance economique ;
_v4
_9185393
852 _aES-MaACL
_jC-9124
_bR.37284
999 _c127236
_d127236